header

The role of bathymetry, wave obliquity and coastal curvature in dune erosion prediction (Record no. 22967)

MARC details
000 -LEADER
fixed length control field 01430nam a2200349 a 4500
100 1# - MAIN ENTRY--AUTHOR NAME
Personal name Den Heijer, Cornelis.
245 14 - TITLE STATEMENT
Title The role of bathymetry, wave obliquity and coastal curvature in dune erosion prediction
260 ## - PUBLICATION, DISTRIBUTION, ETC. (IMPRINT)
Place of publication Amsterdam :
Name of publisher IOS Press BV,
Year of publication 2013.
300 ## - PHYSICAL DESCRIPTION
Number of Pages xvi, 173 p. :
Other physical details col. ill., maps, port.
490 1# - SERIES STATEMENT
Series statement Deltares select series,
650 #0 - SUBJECT ADDED ENTRY--TOPICAL TERM
Topical Term Beach erosion
Topical Term Sand dunes
Topical Term Coast changes
856 40 - ELECTRONIC LOCATION AND ACCESS
Uniform Resource Identifier http://site.ebrary.com/lib/rucke/Doc?id=10697705

No items available.

© 2026 Rongo University
Contact us: librarian | system librarian | Rongo university